000 00661nam a2200241Ia 4500
003 OSt
005 20220925220039.0
006 a|||||r|||| 00| 0
007 ta
008 220923b |||||||| |||| 00| 0 eng d
037 _cGeneral Book
040 _aRTL
_cRTL
_beng
041 _2eng
_aeng
082 _aX.65.N6, L3
100 _aHopkins A G
_9123239
245 0 _aEconomic history of West Africa
260 _aLondon
_bLongman
_c1973
300 _ax, 337p
_ccm.
500 _aBibliography p 297-326
650 _aAfrica Economic Conditions
_932254
942 _hX.65.N6, L3
_cGB
_2CC
999 _c570383
_d570383